| 000 | 00531nam a22002057a 4500 | ||
|---|---|---|---|
| 001 | 46105 | ||
| 003 | BD-RjUL | ||
| 005 | 20211209054116.0 | ||
| 008 | 160730s1883 enk||||| |||| 00| 0 eng d | ||
| 035 | _a(BD-RjUL)46223 | ||
| 040 |
_aBD-RjUL _beng _cBD-RjUL |
||
| 041 | _aeng | ||
| 082 |
_223 _a333.36 _bRAI 1883 |
||
| 245 | 0 | 4 | _aThe raiyatwari and allied system / |
| 260 |
_aMadras : _bgovernment press, _c1883 |
||
| 300 |
_aV. : _bill. ; _c21 cm. |
||
| 505 | 0 | _aVol 4 -- | |
| 650 |
_aTenancy _9140945 |
||
| 942 |
_2ddc _cBK |
||
| 999 |
_c46105 _d46105 |
||